Same but different #9 - Statistics

General Stats
  • This quiz has been taken 20 times
  • The average score is 11 of 15
Answer Stats
Clues Answer % Correct
Another name for a trophy, or, it goes together with a saucer Cup
94%
52 playing cards, or, a ships' platform (for passengers) Deck
94%
The main bit of your hands, or, a type of tropical tree Palm
94%
Do it 'online', or on the crest of a wave Surf
94%
South African mountain, or kitchen furniture Table
89%
A drugs trafficker, or a cross between horse and donkey Mule
83%
Usually numbered at railway stations, or, a type of shoe Platform
83%
A conch, or a petrol company, once advertised by Bing Crosby Shell
83%
A former ITV region in the North, or edge around a countrys territory (which can be shared, or not shared) Border
78%
Superhero, 'Gordon', or a brand of household cleaning products Flash
72%
The prefix of singer Jimmy Osmond, or surname of comedian, Syd, who partnered Eddie Large Little
72%
Subtract an amount from wages, or, a Quay or berth? Dock
50%
Newton discovered it, Darth Vader, has it? Force
50%
Wallpaper, or, tooth? Paste
33%
Can be 'Fire', or 'Boys'? Brigade
11%
No matching quizzes found
Score Distribution
Percent of People with Each Score
Percentile by Number Answered
Your Score History
You have not taken this quiz